| 000 | 00417pam a2200157a 44500 | ||
|---|---|---|---|
| 008 | 230515b1999 xxu||||| |||| 00| 0 eng d | ||
| 020 | _aNULL | ||
| 041 | _aENGLISH | ||
| 082 | _a616.120088 | ||
| 100 | _aWILLIAMS R.A. | ||
| 245 | _aTHE ATHLETE & HEART DISEASE | ||
| 250 | _aNULL | ||
| 260 |
_aNEW YORK _bWILLIAMS AND WILKINS A WAVERLY COMPANY MAYFIELD PUBLISHING COMPANY _c1999 |
||
| 300 | _a333 | ||
| 650 | _aNULL | ||
| 999 |
_c519541 _d519541 |
||